[Event "RM-2023-0-00282"]
[Site "LSS email"]
[Date "2023.04.09"]
[Round "?"]
[White "Nichols, Scott"]
[Black "Susla, Vitaliy"]
[Result "1/2-1/2"]
[WhiteElo "2305"]
[BlackElo "2260"]
[PlyCount "49"]
[EventDate "2023.02.05"]
[EventType "tourn (corr)"]
[EventRounds "6"]
[EventCountry "GER"]
[SourceTitle "Corr 2024"]
[Source "ChessBase"]
[SourceDate "2023.10.19"]
[SourceVersion "1"]
[SourceVersionDate "2023.10.19"]
[SourceQuality "1"]

1. e4 e5 2. Nc3 Nc6 3. Nge2 Bc5 4. g3 f5 5. Bg2 Nf6 6. Na4 d6 7. d3 fxe4 8. dxe4 Bb4+ 9. Bd2 Bxd2+ 10. Qxd2 Be6 11. f4 Qd7 12. f5 Bc4 13. Nac3 0-0-0 14. b3 Ba6 15. 0-0-0 Bxe2 16. Nxe2 Kb8 17. Rhf1 Rdg8 18. h3 h5 19. Rf2 g6 20. Rdf1 Qe7 21. Kb2 a6 22. a3 gxf5 23. Rxf5 Nd7 24. h4 Nc5 25. Rf7 1/2-1/2

[Event "RM-2023-0-00282"]
[Site "LSS email"]
[Date "2023.04.09"]
[Round "?"]
[White "Ozen, Bahadir"]
[Black "Nichols, Scott"]
[Result "1/2-1/2"]
[WhiteElo "2250"]
[BlackElo "2305"]
[PlyCount "33"]
[EventDate "2023.02.05"]
[EventType "tourn (corr)"]
[EventRounds "6"]
[EventCountry "GER"]
[SourceTitle "Corr 2024"]
[Source "ChessBase"]
[SourceDate "2023.10.19"]
[SourceVersion "1"]
[SourceVersionDate "2023.10.19"]
[SourceQuality "1"]

1. e4 g6 2. d4 Bg7 3. Nf3 d6 4. Be2 Nf6 5. Nc3 0-0 6. 0-0 e5 7. dxe5 dxe5 8. Nxe5 Nxe4 9. Nxe4 Qxd1 10. Bxd1 Bxe5 11. Re1 Bd7 12. Nc5 Re8 13. Nxd7 Nxd7 14. Kf1 h5 15. Bf3 c6 16. c3 Nc5 17. Bg5 1/2-1/2

[Event "RM-2022-0-00270"]
[Site "LSS email"]
[Date "2022.10.05"]
[Round "?"]
[White "Nichols, Scott"]
[Black "Baltar, Antoni"]
[Result "1/2-1/2"]
[WhiteElo "2324"]
[BlackElo "2234"]
[PlyCount "93"]
[EventDate "2022.06.10"]
[EventType "tourn (corr)"]
[EventRounds "6"]
[EventCountry "GER"]
[SourceTitle "Corr 2024"]
[Source "ChessBase"]
[SourceDate "2023.10.19"]
[SourceVersion "1"]
[SourceVersionDate "2023.10.19"]
[SourceQuality "1"]

1. e4 e5 2. Nf3 Nc6 3. Bb5 f5 4. d3 fxe4 5. dxe4 Nf6 6. 0-0 Bc5 7. Bxc6 bxc6 8. Nxe5 0-0 9. Nc3 d6 10. Na4 Qe8 11. Nd3 Bg4 12. Qe1 Bd4 13. c3 Bb6 14. a3 d5 15. e5 Nd7 16. Nxb6 axb6 17. Bf4 Bf5 18. Nb4 Qe6 19. Qd2 Nc5 20. Rae1 Rad8 21. Qd1 Nb7 22. Bg3 c5 23. Nd3 g5 24. Qd2 h6 25. b4 d4 26. Nb2 Qb3 27. Nd1 Be6 28. f4 dxc3 29. Qxc3 gxf4 30. Qxb3 Bxb3 31. Bh4 Rd4 32. Nc3 Be6 33. Ne2 Re4 34. Bf6 Ra8 35. Nxf4 Rxe1 36. Rxe1 Kf7 37. Re3 cxb4 38. axb4 Ra1+ 39. Kf2 Ra2+ 40. Kg3 c5 41. b5 c4 42. Bg7 Nc5 43. Bxh6 c3 44. Rf3 Ne4+ 45. Kh4 c2 46. Ne2+ Ke7 47. Nc3 1/2-1/2

[Event "SM-2022-0-00484"]
[Site "LSS email"]
[Date "2022.09.25"]
[Round "?"]
[White "Chronopoulos, Antonios"]
[Black "Nichols, Scott"]
[Result "1/2-1/2"]
[WhiteElo "2235"]
[BlackElo "2329"]
[PlyCount "27"]
[EventDate "2022.09.10"]
[EventType "tourn (corr)"]
[EventRounds "6"]
[EventCountry "GER"]
[SourceTitle "Corr 2024"]
[Source "ChessBase"]
[SourceDate "2023.10.19"]
[SourceVersion "1"]
[SourceVersionDate "2023.10.19"]
[SourceQuality "1"]

1. d4 Nf6 2. Bg5 d5 3. e3 c5 4. Bxf6 gxf6 5. dxc5 e6 6. Nf3 Bxc5 7. Be2 Nc6 8. 0-0 f5 9. c4 d4 10. exd4 Nxd4 11. Nc3 Nxf3+ 12. Bxf3 Qxd1 13. Raxd1 Bd7 14. a3 1/2-1/2

[Event "SM-2022-0-00484"]
[Site "LSS email"]
[Date "2022.09.25"]
[Round "?"]
[White "Nichols, Scott"]
[Black "Ozen, Bahadir"]
[Result "1/2-1/2"]
[WhiteElo "2329"]
[BlackElo "2255"]
[PlyCount "37"]
[EventDate "2022.09.10"]
[EventType "tourn (corr)"]
[EventRounds "6"]
[EventCountry "GER"]
[SourceTitle "Corr 2024"]
[Source "ChessBase"]
[SourceDate "2023.10.19"]
[SourceVersion "1"]
[SourceVersionDate "2023.10.19"]
[SourceQuality "1"]

1. e4 e5 2. Nf3 Nc6 3. Bb5 a6 4. Ba4 Nf6 5. 0-0 Be7 6. Re1 b5 7. Bb3 0-0 8. h3 Bb7 9. d3 d5 10. exd5 Nxd5 11. Nbd2 Qd7 12. a4 Nf4 13. Ne4 Ng6 14. h4 Qg4 15. Bg5 Bxg5 16. hxg5 Rad8 17. axb5 axb5 18. g3 Bc8 19. c3 1/2-1/2

[Event "RM-2022-0-00269"]
[Site "LSS email"]
[Date "2022.08.07"]
[Round "?"]
[White "Nichols, Scott"]
[Black "Susla, Vitaliy"]
[Result "1/2-1/2"]
[WhiteElo "2318"]
[BlackElo "2316"]
[PlyCount "47"]
[EventDate "2022.05.26"]
[EventType "tourn (corr)"]
[EventRounds "6"]
[EventCountry "GER"]
[SourceTitle "Corr 2024"]
[Source "ChessBase"]
[SourceDate "2023.10.19"]
[SourceVersion "1"]
[SourceVersionDate "2023.10.19"]
[SourceQuality "1"]

1. f4 d5 2. e3 g6 3. Nf3 Nf6 4. c4 e6 5. Nc3 c5 6. cxd5 exd5 7. Bb5+ Nbd7 8. 0-0 Bg7 9. d4 0-0 10. a4 a6 11. Be2 Re8 12. Ne5 cxd4 13. exd4 Nb8 14. h3 Be6 15. Bd3 Nc6 16. Be3 Nd7 17. Bf2 Ndxe5 18. dxe5 f6 19. exf6 Qxf6 20. Qf3 Qf7 21. Rae1 Nd4 22. Qg3 Nf5 23. Bxf5 Bxf5 24. Rxe8+ 1/2-1/2

[Event "RM-2022-0-00268"]
[Site "LSS email"]
[Date "2022.07.19"]
[Round "?"]
[White "Nichols, Scott"]
[Black "Baltar, Antoni"]
[Result "1/2-1/2"]
[WhiteElo "2325"]
[BlackElo "2179"]
[PlyCount "43"]
[EventDate "2022.05.17"]
[EventType "tourn (corr)"]
[EventRounds "6"]
[EventCountry "GER"]
[SourceTitle "Corr 2024"]
[Source "ChessBase"]
[SourceDate "2023.10.19"]
[SourceVersion "1"]
[SourceVersionDate "2023.10.19"]
[SourceQuality "1"]

1. e4 e5 2. Nf3 Nc6 3. Bc4 Nf6 4. d3 Bc5 5. c3 a5 6. 0-0 d6 7. Re1 0-0 8. h3 h6 9. Nbd2 Be6 10. Bb5 Qb8 11. Bxc6 bxc6 12. d4 exd4 13. cxd4 Bb6 14. Nf1 d5 15. e5 Ne4 16. Be3 c5 17. dxc5 Bxc5 18. Bxc5 Nxc5 19. Nd4 Qxb2 20. Rc1 Qb6 21. Ng3 Rad8 22. Qc2 1/2-1/2

[Event "RM-2022-0-00266"]
[Site "LSS email"]
[Date "2022.06.01"]
[Round "?"]
[White "Martin, Simone"]
[Black "Nichols, Scott"]
[Result "1/2-1/2"]
[WhiteElo "2202"]
[BlackElo "2327"]
[PlyCount "51"]
[EventDate "2022.03.27"]
[EventType "tourn (corr)"]
[EventRounds "6"]
[EventCountry "GER"]
[SourceTitle "Corr 2024"]
[Source "ChessBase"]
[SourceDate "2023.10.19"]
[SourceVersion "1"]
[SourceVersionDate "2023.10.19"]
[SourceQuality "1"]

1. d4 Nf6 2. c4 e6 3. Nf3 d5 4. Nc3 c6 5. Bg5 h6 6. Bh4 dxc4 7. e4 g5 8. Bg3 b5 9. Be2 Bb7 10. 0-0 Nbd7 11. Ne5 Bg7 12. Nxd7 Nxd7 13. Bd6 a6 14. a4 Bf8 15. Bxf8 Kxf8 16. e5 c5 17. axb5 axb5 18. Rxa8 Bxa8 19. Nxb5 Qb6 20. Bxc4 cxd4 21. b3 Qc6 22. f3 Qc5 23. Qxd4 Qxd4+ 24. Nxd4 Nxe5 25. Re1 Ng6 26. b4 1/2-1/2

[Event "RM-2022-0-00266"]
[Site "LSS email"]
[Date "2022.06.01"]
[Round "?"]
[White "Nichols, Scott"]
[Black "Cirulis, Ilmars"]
[Result "1/2-1/2"]
[WhiteElo "2327"]
[BlackElo "2276"]
[PlyCount "45"]
[EventDate "2022.03.27"]
[EventType "tourn (corr)"]
[EventRounds "6"]
[EventCountry "GER"]
[SourceTitle "Corr 2024"]
[Source "ChessBase"]
[SourceDate "2023.10.19"]
[SourceVersion "1"]
[SourceVersionDate "2023.10.19"]
[SourceQuality "1"]

1. d4 d5 2. c4 c6 3. Nf3 Nf6 4. e3 Bf5 5. Nc3 e6 6. Nh4 Bg6 7. Nxg6 hxg6 8. Bd2 Nbd7 9. Qb3 Qc7 10. g3 Be7 11. Bg2 Nb6 12. cxd5 exd5 13. Rd1 0-0 14. 0-0 Rad8 15. Bc1 Qc8 16. a4 Rfe8 17. a5 Na8 18. e4 dxe4 19. Nxe4 Nc7 20. Nc3 Nfd5 21. h4 b6 22. Qa4 Qd7 23. axb6 1/2-1/2

[Event "SM-2022-0-00471"]
[Site "LSS email"]
[Date "2022.05.31"]
[Round "?"]
[White "Nichols, Scott"]
[Black "Reyes Sablon, Alberto"]
[Result "1/2-1/2"]
[WhiteElo "2328"]
[BlackElo "2211"]
[PlyCount "77"]
[EventDate "2022.04.09"]
[EventType "tourn (corr)"]
[EventRounds "6"]
[EventCountry "GER"]
[SourceTitle "Corr 2024"]
[Source "ChessBase"]
[SourceDate "2023.10.19"]
[SourceVersion "1"]
[SourceVersionDate "2023.10.19"]
[SourceQuality "1"]

1. e4 e5 2. Nf3 Nc6 3. Bb5 a6 4. Ba4 Nf6 5. 0-0 Be7 6. Re1 b5 7. Bb3 0-0 8. c3 d6 9. h3 Bb7 10. d4 Re8 11. Nbd2 Bf8 12. a3 h6 13. Bc2 Nb8 14. b3 Nbd7 15. Bb2 Rc8 16. Rc1 Nb6 17. c4 bxc4 18. bxc4 exd4 19. Bxd4 g6 20. Rb1 Ba8 21. c5 dxc5 22. Ba1 c4 23. Qc1 Re6 24. a4 a5 25. Nd4 Re8 26. Rb5 Bb4 27. Rd1 c3 28. Nb1 c6 29. Rf5 Nxe4 30. Rf4 Ng5 31. Ne2 Nd5 32. Nbxc3 Bd6 33. Rc4 Rb8 34. Ne4 Nxe4 35. Qxh6 Be5 36. Bxe5 Rxe5 37. Rxe4 Rxe4 38. Bxe4 Qf6 39. Qc1 1/2-1/2

[Event "SM-2022-0-00471"]
[Site "LSS email"]
[Date "2022.05.30"]
[Round "?"]
[White "Cirulis, Ilmars"]
[Black "Nichols, Scott"]
[Result "1/2-1/2"]
[WhiteElo "2276"]
[BlackElo "2328"]
[PlyCount "71"]
[EventDate "2022.04.09"]
[EventType "tourn (corr)"]
[EventRounds "6"]
[EventCountry "GER"]
[SourceTitle "Corr 2024"]
[Source "ChessBase"]
[SourceDate "2023.10.19"]
[SourceVersion "1"]
[SourceVersionDate "2023.10.19"]
[SourceQuality "1"]

1. e4 e5 2. Nf3 Nc6 3. Bb5 Nf6 4. d3 Bc5 5. Nbd2 0-0 6. 0-0 Re8 7. Re1 a6 8. Bxc6 bxc6 9. h3 h6 10. Nf1 Bf8 11. Ng3 d6 12. Bd2 c5 13. b3 a5 14. a4 Nh7 15. Rb1 c6 16. Kh1 g6 17. Qc1 Qf6 18. Kh2 Qg7 19. Ng1 d5 20. Bc3 f6 21. Kh1 Qc7 22. Bd2 Ng5 23. N1e2 Ra7 24. f4 exf4 25. Nxf4 Bd6 26. Re2 Nh7 27. exd5 Rxe2 28. Ngxe2 g5 29. Ne6 Qe7 30. c4 Nf8 31. Qf1 cxd5 32. Nxf8 Kxf8 33. Re1 Bb8 34. Nf4 Qd6 35. Qe2 Bd7 36. Qh5 1/2-1/2

[Event "SM-2022-0-00471"]
[Site "LSS email"]
[Date "2022.05.30"]
[Round "?"]
[White "Nichols, Scott"]
[Black "Ozen, Bahadir"]
[Result "1/2-1/2"]
[WhiteElo "2328"]
[BlackElo "2250"]
[PlyCount "37"]
[EventDate "2022.04.09"]
[EventType "tourn (corr)"]
[EventRounds "6"]
[EventCountry "GER"]
[SourceTitle "Corr 2024"]
[Source "ChessBase"]
[SourceDate "2023.10.19"]
[SourceVersion "1"]
[SourceVersionDate "2023.10.19"]
[SourceQuality "1"]

1. e4 e5 2. Nf3 Nc6 3. Nc3 Nf6 4. g3 d5 5. exd5 Nxd5 6. Bg2 Nxc3 7. bxc3 Bc5 8. 0-0 0-0 9. Re1 Bg4 10. h3 Bh5 11. g4 Bg6 12. Nxe5 Nxe5 13. d4 f5 14. g5 f4 15. dxc5 Qxd1 16. Rxd1 Rae8 17. Kh2 Bxc2 18. Rd4 Nd3 19. Bd5+ 1/2-1/2

[Event "RM-2022-0-00264"]
[Site "LSS email"]
[Date "2022.05.11"]
[Round "?"]
[White "Nichols, Scott"]
[Black "Sinka, Istvan"]
[Result "1/2-1/2"]
[WhiteElo "2331"]
[BlackElo "2430"]
[PlyCount "30"]
[EventDate "2022.03.07"]
[EventType "tourn (corr)"]
[EventRounds "6"]
[EventCountry "GER"]
[SourceTitle "Corr 2024"]
[Source "ChessBase"]
[SourceDate "2023.10.19"]
[SourceVersion "1"]
[SourceVersionDate "2023.10.19"]
[SourceQuality "1"]

1. e4 c5 2. Nf3 d6 3. c3 Nf6 4. h3 Nc6 5. Bd3 e5 6. Bc2 d5 7. exd5 Qxd5 8. Qe2 Be7 9. d3 Bf5 10. Na3 Rd8 11. Nc4 Bxd3 12. Bxd3 Qxd3 13. Qxd3 Rxd3 14. Nfxe5 Nxe5 15. Nxe5 Rd5 1/2-1/2

[Event "ST-2022-0-00218"]
[Site "LSS email"]
[Date "2022.04.02"]
[Round "?"]
[White "Bernal Varela, Nelson"]
[Black "Nichols, Scott"]
[Result "1/2-1/2"]
[WhiteElo "2391"]
[BlackElo "2341"]
[PlyCount "92"]
[EventDate "2022.02.18"]
[EventType "tourn (corr)"]
[EventRounds "6"]
[EventCountry "GER"]
[SourceTitle "Corr 2024"]
[Source "ChessBase"]
[SourceDate "2023.10.19"]
[SourceVersion "1"]
[SourceVersionDate "2023.10.19"]
[SourceQuality "1"]

1. c3 Nf6 2. Nf3 g6 3. d4 Bg7 4. Bf4 d6 5. h3 0-0 6. Nbd2 Nbd7 7. e3 b6 8. Be2 Bb7 9. 0-0 Re8 10. Bg3 e5 11. a4 a6 12. Qc2 Qe7 13. Rad1 h6 14. Rc1 e4 15. Ne1 h5 16. Qd1 Kh7 17. Nc2 a5 18. Na3 Nd5 19. Nb5 h4 20. Bh2 Rec8 21. c4 Nb4 22. f3 Nf6 23. Kh1 exf3 24. Bxf3 Bxf3 25. Qxf3 Nh5 26. Qxf7 Qxe3 27. Bf4 Qe2 28. Rfe1 Qf2 29. Rf1 Qe2 30. Rce1 Qd3 31. Qd7 Nf6 32. Qe7 Re8 33. Qxc7 Rxe1 34. Rxe1 Nh5 35. Ne4 Nc2 36. Ng5+ Kh8 37. Rg1 Nxf4 38. Nxd6 Qxd4 39. Ndf7+ Kg8 40. Nh6+ Kh8 41. Nhf7+ Kg8 42. c5 Rf8 43. Nh6+ Kh8 44. Nhf7+ Kg8 45. Nh6+ Kh8 46. Nhf7+ Kg8 1/2-1/2

[Event "ST-2022-0-00217"]
[Site "LSS email"]
[Date "2022.04.01"]
[Round "?"]
[White "Bernal Varela, Nelson"]
[Black "Nichols, Scott"]
[Result "1/2-1/2"]
[WhiteElo "2391"]
[BlackElo "2341"]
[PlyCount "109"]
[EventDate "2022.01.31"]
[EventType "tourn (corr)"]
[EventRounds "6"]
[EventCountry "GER"]
[SourceTitle "Corr 2024"]
[Source "ChessBase"]
[SourceDate "2023.10.19"]
[SourceVersion "1"]
[SourceVersionDate "2023.10.19"]
[SourceQuality "1"]

1. e4 e5 2. Nf3 Nf6 3. d4 Nxe4 4. Nxe5 d5 5. Bd3 Nd7 6. Nxd7 Bxd7 7. 0-0 Bd6 8. Nc3 Nxc3 9. bxc3 0-0 10. Qh5 f5 11. Re1 c6 12. a4 Qf6 13. Bg5 Qf7 14. Qxf7+ Kxf7 15. c4 h6 16. Bd2 dxc4 17. Bxc4+ Kf6 18. Be2 Rfe8 19. c4 c5 20. d5 f4 21. h3 Bf5 22. Bg4 Bd3 23. Be6 Bxc4 24. Bc3+ Kg6 25. g4 Bd3 26. Kg2 c4 27. h4 a5 28. Kf3 Bb4 29. h5+ Kh7 30. Rac1 Rab8 31. Be5 Bxe1 32. Rxe1 Rbd8 33. Kxf4 Bc2 34. Rc1 Bb3 35. Rc3 Rxe6 36. dxe6 Re8 37. Kf5 Bxa4 38. f4 b5 39. g5 hxg5 40. fxg5 Rf8+ 41. Bf6 gxf6 42. e7 Rg8 43. gxf6 b4 44. f7 bxc3 45. f8Q c2 46. Qf7+ Rg7 47. Qxc4 Rxe7 48. Kf6 Rg7 49. Qd3+ Kh8 50. h6 Rd7 51. Qe3 Rd6+ 52. Kf5 Rd7 53. Kf6 Rd6+ 54. Kf5 Rd7 55. Kf6 1/2-1/2

[Event "ST-2022-0-00217"]
[Site "LSS email"]
[Date "2022.03.31"]
[Round "?"]
[White "Nichols, Scott"]
[Black "Cornel, Matei"]
[Result "1/2-1/2"]
[WhiteElo "2341"]
[BlackElo "2358"]
[PlyCount "77"]
[EventDate "2022.01.31"]
[EventType "tourn (corr)"]
[EventRounds "6"]
[EventCountry "GER"]
[SourceTitle "Corr 2024"]
[Source "ChessBase"]
[SourceDate "2023.10.19"]
[SourceVersion "1"]
[SourceVersionDate "2023.10.19"]
[SourceQuality "1"]

1. e4 e5 2. Nf3 Nc6 3. Bc4 Bc5 4. c3 Nf6 5. d3 d6 6. 0-0 0-0 7. Re1 a5 8. h3 h6 9. Nbd2 Be6 10. Bb5 Qb8 11. Nf1 Qa7 12. d4 exd4 13. Bxc6 dxc3 14. Ba4 Bxf2+ 15. Kh2 Bxe1 16. Qxe1 d5 17. Be3 Qa6 18. e5 Ne4 19. bxc3 Qc4 20. Bb3 Qxc3 21. N1d2 Rfe8 22. Bd4 Qd3 23. Rd1 Nc3 24. Rc1 Ne2 25. Bc2 Qa3 26. Qxe2 Qxc1 27. Nb3 Qa3 28. Qd3 g6 29. Bc5 Qxa2 30. Qd2 Kg7 31. Be3 Rh8 32. Nfd4 Qa4 33. Nc5 Qe8 34. Ba4 Qe7 35. Nxb7 Bd7 36. Bxd7 Qxd7 37. Nc5 Qe8 38. e6 Qe7 39. Nf3 1/2-1/2

[Event "ST-2022-0-00216"]
[Site "LSS email"]
[Date "2022.03.25"]
[Round "?"]
[White "Koch, Christian"]
[Black "Nichols, Scott"]
[Result "1/2-1/2"]
[WhiteElo "2352"]
[BlackElo "2341"]
[PlyCount "45"]
[EventDate "2022.01.16"]
[EventType "tourn (corr)"]
[EventRounds "6"]
[EventCountry "GER"]
[SourceTitle "Corr 2024"]
[Source "ChessBase"]
[SourceDate "2023.10.19"]
[SourceVersion "1"]
[SourceVersionDate "2023.10.19"]
[SourceQuality "1"]

1. e4 e5 2. f4 exf4 3. Nf3 d6 4. Bc4 h6 5. h4 Nf6 6. Nc3 Nc6 7. d4 Nh5 8. Nd5 Ng3 9. Rh2 Ne7 10. Nxf4 Nxe4 11. Qe2 Nf6 12. Bd2 d5 13. Bb3 Bg4 14. 0-0-0 c6 15. Re1 Qc7 16. Qd3 Bxf3 17. Qxf3 0-0-0 18. Rh3 Kb8 19. Nh5 Nxh5 20. Qxh5 Nc8 21. Rf3 Nd6 22. Bf4 Be7 23. Be5 1/2-1/2